书目信息 |
| 题名: |
英语
|
|
| 作者: | 周建武 主编 ;张婷婷 , 王尧 编著 | |
| 分册: | ||
| 出版信息: | 北京 中国经济出版社 2003.08 |
|
| 页数: | 253页 | |
| 开本: | 23cm | |
| 丛书名: | 2004年全国MBA联考考前冲刺系列丛书 | |
| 单 册: | ||
| 中图分类: | H319.6 | |
| 科图分类: | ||
| 主题词: | 英语--ying yu--研究生--入学考试--自学参考资料 | |
| 电子资源: | ||
| ISBN: | 7-5017-6013-6 | |
| 000 | 01161nam 2200289 450 | |
| 001 | 012008119952 | |
| 005 | 20080318161000.39 | |
| 010 | @a7-5017-6013-6@dCNY32.00 | |
| 100 | @a20080318d2003 km y0chiy0120 ea | |
| 101 | 0 | @achi |
| 102 | @aCN@b110000 | |
| 105 | @ay q 000yy | |
| 106 | @ar | |
| 200 | 1 | @a英语@Aying yu@e临考点拨与模拟考场@f周建武主编@Fzhou jian wu zhu bian@g张婷婷, 王尧编著@Gzhang ting ting,wang yao bian zhu |
| 210 | @a北京@c中国经济出版社@d2003.08 | |
| 215 | @a253页@d23cm | |
| 225 | 2 | @a2004年全国MBA联考考前冲刺系列丛书@A2004 nian quan guo MBA lian kao kao qian chong ci xi lie cong shu |
| 330 | @a本书对研究生入学考试的英语测试进行指导,讲述了听力、词语用法和语法结构、阅读理解、翻译、写作知识,并收录精心编写的模拟试题。 | |
| 410 | 0 | @12001 @a2004年全国MBA联考考前冲刺系列丛书 |
| 517 | 1 | @a临考点拨与模拟考场@Alin kao dian bo yu mo ni kao chang |
| 606 | 0 | @a英语@Aying yu@x研究生@x入学考试@j自学参考资料 |
| 690 | @aH319.6@v4 | |
| 701 | 0 | @a周建武@Azhou jian wu@4主编 |
| 702 | 0 | @a张婷婷@Azhang ting ting@4编著 |
| 702 | 0 | @a王尧@Awang yao@4编著 |
| 801 | 0 | @aCN@bQSSK@c20080318 |
| 905 | @b20287361-63@dH319.6@eZ777@f3 | |
| 英语:临考点拨与模拟考场/周建武主编/张婷婷, 王尧编著.-北京:中国经济出版社,2003.08 |
| 253页;23cm.-(2004年全国MBA联考考前冲刺系列丛书) |
| ISBN 7-5017-6013-6:CNY32.00 |
| 本书对研究生入学考试的英语测试进行指导,讲述了听力、词语用法和语法结构、阅读理解、翻译、写作知识,并收录精心编写的模拟试题。 |
| ● |
| 相关链接 |
|
|
|
正题名:英语
索取号:H319.6/Z777
 
预约/预借
| 序号 | 登录号 | 条形码 | 馆藏地/架位号 | 状态 | 备注 |
| 1 | 287361 | 202873612 | 语言库209/209语言库 58排3列4层/ [索取号:H319.6/Z777] | 在馆 | |
| 2 | 287362 | 202873621 | 语言库209/209语言库 58排3列4层/ [索取号:H319.6/Z777] | 在馆 | |
| 3 | 287363 | 202873630 | 语言库209/209语言库 58排3列4层/ [索取号:H319.6/Z777] | 在馆 |